Complex emergencies, food security and the quest for appropriate institutional capacity /
Guardado en:
| Autor principal: | |
|---|---|
| Formato: | Texto |
| Materias: | |
| Etiquetas: |
Agregar Etiqueta
Sin Etiquetas, Sea el primero en etiquetar este registro!
|
MARC
| LEADER | 00000 a a2200000 04500 | ||
|---|---|---|---|
| 001 | 8188 | ||
| 003 | |||
| 040 | |||
| 100 | |a Doornbos, Martin | ||
| 245 | |a Complex emergencies, food security and the quest for appropriate institutional capacity / |c Martin Doornbos | ||
| 650 | |a SEGURIDAD ALIMENTARIA | ||
| 650 | |a SOCORRO DE EMERGENCIA | ||
| 650 | |a AYUDA AL DESARROLLO | ||
| 650 | |a MARCO INSTITUCIONAL | ||
| 650 | |a AFRICA | ||
| 773 | |g volumen 33, número 1; páginas 9-36 | ||
| 999 | |c 34174 |d 34174 | ||
